00721cam a2200205 450000100060000000300080000600500170001400800410003103500190007203500120009104000270010304100080013008200250013810000320016324501410019526000400033630000360037660000450041270000580045724128BD-RjUL20211209001019.0140312t19671966mauc 000 0beng  a(BD-RjUL)24194 a4532700 aDLCcDLCdBD-RjULbeng aeng00a973.91309bFRT 19661 aFreud, Sigmund,d1856-1939.10aThomas Woodrow Wilson, twenty-eighth President of the United States :ba psychological study /cby Sigmund Freud and William C. Bullitt. aBoston :bHoughton Mifflin,cc1966. axxii, 307 p. :bport. ;c24 cm.10aWilson, Woodrow,d1856-1924xPsychology.1 aBullitt, William C.q(William Christian),d1891-1967.